Historical Provinces of France - Statistics

General Stats
  • This quiz has been taken 2,001 times
  • The average score is 20 of 41
Answers on the Map
Answers color-coded by a green-red scale on the quiz's map according to % correct below.
 
Answer Stats
Capital Name % Correct
Rennes Bretagne
96%
Rouen Normandie
96%
Strasbourg Alsace
88%
Dijon Bourgogne
86%
Nancy Lorraine
85%
Aix-en-Provence Provence
84%
Bastia Corse
78%
Paris Île-de-France
78%
Troyes Champagne
71%
Lille Flandres
63%
Amiens Picardie
63%
Clermont-Ferrand Auvergne
61%
Besançon Franche-Comté
59%
Angers Anjou
56%
Auch Gascogne
56%
Toulouse Languedoc
55%
Pau Béarn
54%
Limoges Limousin
50%
Perpignan Roussillon
49%
Le Mans Maine
48%
Poitiers Poitou
48%
Foix Foix
47%
Arras Artois
46%
Grenoble Dauphiné
46%
Bourges Berry
41%
Lyon Lyonnais
41%
Orléans Orléanais
41%
Moulins Bourbonnais
35%
Bordeaux Guyenne
34%
Tours Touraine
32%
Bar-le-Duc Barrois
28%
Saintes Saintonge
28%
Valenciennes Hainaut
26%
Nevers Nivernais
26%
Guéret Marche
25%
Angoulême Angoumois
22%
La Rochelle Aunis
22%
Nogent-le-Rotrou Perche
16%
Saumur Saumurois
15%
Metz Trois-Évêchés
15%
Cambrai Cambrésis
14%
No matching quizzes found
Score Distribution
Percent of People with Each Score
Percentile by Number Answered
Your Score History
You have not taken this quiz